000 003020000a22000970004500
100 1 _aFinkelstein, Israel
245 1 0 _aThe philistines in the bible : A late-Monarchic perpective
300 _aVol. 27, Núm 2 (2002), Páginas 131-167
773 0 _tJournal for the Study of the Old Testament
942 _cANA
999 _c54984
_d54984